000 01009nam a2200241Ia 4500
003 OSt
005 20200728173200.0
008 191128s1976 ck ad gr 000 0 spa d
040 _aCO-JMCR
_cCO-JMCR
041 0 _aspa
082 0 4 _a332.09047 /
_bS356m
_223
110 1 _aColombia Banco de la República Asociación Bancaria de Colombia
_98018
245 1 3 _aEl mercado de capitales en Colombia 1975 /
_cBanco de la República Asociación Bancaria de Colombia
250 _aPrimera edición
260 _aBogotá :
_bStella,
_c1976.
300 _a248 páginas :
_b cuadros, gráficas a blanco y negro ;
_c25 cm.
505 0 _aEvaluación y perspectivas de los simposios sobre mercado de capitales -- política económica y mercado financiero -- Capitalización y colocación de recursos financieros
650 1 4 _aMercado de capitales
_98019
650 2 4 _aPolítica económica
_98020
650 2 4 _aCapitalización
_98021
710 1 _aAsociación Bancaria de Colombia
_eautor
_98022
942 _2ddc
_cBK
999 _c5658
_d5658